Home life in America /

Bibliographic Details
Main Author: Busbey, Katherine Graves, 1872-
Format: Book
Language:English
Published: London : Methuen, 1910.
Subjects:

MARC

Tag First Indicator Second Indicator Subfields
LEADER 00000cam a2200000 i 4500
001 in00000361021
005 20151011064105.0
008 761130s1910 enkaf 00110 eng d
035 |a (OCoLC)02584493 
035 |9 ABN3722AM 
040 |a FDA  |c FDA  |d TXA  |d UtOrBLW 
049 |a TXAM  |c [1396128] 
090 |a E168  |b .B975 1910a 
100 1 |a Busbey, Katherine Graves,  |d 1872- 
245 1 0 |a Home life in America /  |c by Katherine G. Busbey. 
264 1 |a London :  |b Methuen,  |c 1910. 
300 |a 410 pages, 12 unnumbered leaves of plates :  |b illustrations ;  |c 23 cm. 
336 |a text  |b txt  |2 rdacontent 
337 |a unmediated  |b n  |2 rdamedia 
338 |a volume  |b nc  |2 rdacarrier 
500 |a Includes index. 
651 0 |a United States  |x Social life and customs. 
651 0 |a United States  |v Aerial views. 
651 0 |a United States  |v Pictorial works. 
999 |a MARS 
999 f f |s 7d9a0986-a157-3902-a8dc-c86f9549cbc6  |i dcfe1ec6-7de3-37a9-8798-f60596224412  |t 0 
952 f f |p ric  |a Texas A&M University  |b Rellis Campus  |c Joint Library Facility  |d Remote Storage  |t 0  |e E168 .B975 1910a  |h Library of Congress classification  |i unmediated -- volume  |m A14802153335 
998 f f |a E168 .B975 1910a  |t 0  |l Remote Storage